000 00662nam a2200229 a 4500
001 66306
003 BD RjUL
005 20211209081524.0
008 170315s1966 enk b 00110 eng d
035 _a(BD RjUL)66436
040 _aDLC
_cBD RjUL
_dBD RjUL
_beng
041 _aeng
082 0 _a596
_223
_bORV 1966
100 1 _aOrr, Robert T.
_q(Robert Thomas),
_d1908-1994
_941482
245 1 0 _aVertebrate biology /
_cRobert T. Orr.
250 _a2nd ed.
260 _aPhiladelphia :
_bW.B.Saunders Co.,
_cc1966.
300 _axii, 483 p. :
_bill. ;
_c25 cm.
504 _aIncludes bibliographies and index.
650 0 _aVertebrates.
_941483
942 _2ddc
_cBK
999 _c66306
_d66306